|
|
|
|
| LEADER |
00000nam a22000007a 4500 |
| 005 |
20211213233545.0 |
| 007 |
cr|||| |||| |
| 008 |
211213s2021 br |||||s|||| 00||0 por d |
| 020 |
|
|
|a 978-65-5515-248-7
|
| 035 |
|
|
|a 35454
|
| 040 |
|
|
|a vLex
|
| 090 |
|
|
|c 12706
|d 12706
|
| 100 |
1 |
|
|a de Moura Faleiros Jn︢ior, Jos ̌Luiz
|
| 245 |
1 |
0 |
|a Direito digital e intelign̊cia artificial
|h [Recurso electrn̤ico] /
|c Jos ̌Luiz de Moura Faleiros Jn︢ior, Mafalda Miranda Barbosa, Felipe Braga Netto, Michael Cšar Silva
|
| 256 |
|
|
|a Servicio en ln̕ea
|
| 260 |
|
|
|a Indaiatuba:
|b Editora Foco,
|c 2021
|
| 300 |
|
|
|a 1 recurso electrn̤ico
|
| 500 |
|
|
|a Os desafios desvelados pela introjeȯ̂ dos algoritmos de Intelign̊cia Artificial na sociedade j ̀sô sentidos transversalmente pela Cin̊cia do Direito. H ̀impactos variados sobre todos os ramos jurd̕icos e desafios se apresentam aos operadores que, defrontados com questionamentos e inquietaė̳s sobre as consequn̊cias do implemento dessas novas tecnologias em variados contextos, sô instados a solucionar problemas e trazer respostas. Com a preocupaȯ̂ de trazer luz a diversas das queste̳s concernentes ao tema, surgiu o projeto de coordenaȯ̂ dessa obra, que ren︢e grandes pesquisadores de diversos pas̕es, cujas investigaė̳s vm̊ se dedicando a aspectos especf̕icos das interfaces entre o Direito e a Intelign̊cia Artificial. Trata-se de obra densa, composta por sessenta textos que estô subdivididos metodologicamente em doze partes. Sô elas: • Parte I: os aspectos introdutr̤ios do tema. • Parte II: queste̳s concernentes ̉autonomia de entes dotados de Intelign̊cia Artificial e os direitos da personalidade. • Parte III: anl̀ise da adequaȯ̂ da responsabilidade civil, de seus institutos, funė̳s e pressupostos ̉realidade desvelada pela IA. • Parte IV: interaė̳s entre a Intelign̊cia Artificial, proteȯ̂ de dados pessoais e a correlata seguranȧ da informaȯ̂. • Parte V: sô discutidos temas sobre publicidade, relaė̳s de consumo e opacidade algort̕mica. • Parte VI: dedicada aos impactos dos algoritmos no direito pb︢lico. • Parte VII: trabalhos relacionados aos direitos humanos e as influn̊cias dos algoritmos em queste̳s do cotidiano. • Parte VIII: cuida das relaė̳s entre a Intelign̊cia Artificial e a educaȯ̂ digital. • Parte IX: relacionada s̉ interaė̳s entre algoritmos, contratos e ̉rede blockchain. • Parte X: temas relacionados ao direito dos seguros e ao direito bancr̀io. • Parte XI: estudo das nanotecnologias e da casus̕tica da IA em ar, mar e terra, viabilizada por drones, navios e carros autn̥omos. • Parte XII: dedicada s̉ influn̊cias de algoritmos de Intelign̊cia Artificial sobre outros ramos jurd̕icos, a saber: o direito penal, o direito do trabalho, o direito tributr̀io, o direito das sucesse̳s e o direito da sad︢e.
|
| 506 |
1 |
|
|a Disponible solo en los productos indicados
|d vLex Global
|d vLex Global (Academic Edition, excluding Law Schools)
|d vLex Global (U.S. Academic Edition, Law Schools)
|d vLex Global (U.S. Academic Edition, excluding Law Schools)
|d vLex Global (Academic Edition, Law Schools)
|
| 650 |
0 |
4 |
|a Derecho de las Nuevas Tecnologa̕s
|z Brasil
|
| 700 |
1 |
|
|a Miranda Barbosa, Mafalda
|
| 700 |
1 |
|
|a Braga Netto, Felipe
|
| 700 |
1 |
|
|a Silva, Michael Cšar
|
| 740 |
0 |
|
|a vLex Libros (Servicio en ln̕ea)
|
| 856 |
4 |
0 |
|u https://app.vlex.com/#/sources/35454
|z Acceso restringido
|
| 942 |
|
|
|c BOOK
|
| 999 |
0 |
|
|a New Technologies Law
|